000 00656nam a2200217 b 4500
001 00000000064376
003 OSt
005 20130427115948.0
008 020226s1967 esp 000 0 spa d
040 _aBU-BP
_cBMC
082 _a595.796
100 _aMaeterlinck, Maurice
_9312
_d1862-1949
245 1 3 _aLa vida de los termes
_b : (comejenes u hormigas blancas)
_cMauricio Maeterlinck ; [traducción del francés de Teodosio Leal y Quiroga]
250 _a4ª ed
260 _aMadrid
_bEspasa-Calpe
_c1967
300 _a147 p.
_c18 cm
490 _aAustral
_v385
650 _9322
_aHormigas
700 _9313
_aLeal y Quiroga, Teodosio
942 _2ddc
_cBK
999 _c272
_d272